LEADER 00688nab a2200133 i 4500 001 000000328114 003 CaOOAMICUS 005 20180831173554.0 008 180831n it uu u0 0ita r 013 $a39721 040 $aSeMil$bita 245 10$aQuadriennio Teologico. «Come una spada a doppio taglio». Un corso per "imparare" a proclamare la parola di Dio durante le celebrazioni. - In [rubrica] :$bNotizie dai Seminari. 773 0 $t[DICEMBRE 1998]. - 32 p.$gp.16$w()290634 996 $6245$aQuadriennio Teologico. «Come una spada a doppio taglio». Un corso per "imparare" a proclamare la parola di Dio durante le celebrazioni. - In [rubrica] :$bNotizie dai Seminari.$9(OLS)http://semarc/title/416710 LEADER 00720naa a2200169 i 4500 001 000000307848 003 CaOOAMICUS 005 20180831172924.0 008 180831n it u000 u ita u 013 $a16720 040 $aSeMil$bita 100 1 $aGuasco, Maurilio,$d<1939- >.$0(OLS)http://semarc/name/3478 245 10$aDalla gerarchia dei poteri alla differenza dei ruoli. 650 4$aChiesa cattolica - Gerarchia.$0(OLS)http://semarc/subject/222 650 4$aLaici - Chiesa.$0(OLS)http://semarc/subject/12437 773 0 $tDignitą dei laici.$dMilano : Periodici San Paolo, 2010.$kPer leggere il Vaticano 2$gp.53-70$w()188990 996 $6245$aDalla gerarchia dei poteri alla differenza dei ruoli$9(OLS)http://semarc/title/383159